|
|
|
|
| LEADER |
01106nam a22002657a 4500 |
| 001 |
30561 |
| 003 |
BD-DhAAL |
| 005 |
20241118124738.0 |
| 008 |
150902t1998 bg a|||| |||| 00| 0 eng d |
| 040 |
|
|
|a BD-DhAAL
|c BD-DhAAL
|
| 082 |
|
|
|2 22
|a 307.1412095492
|
| 100 |
|
|
|a Khan, Suhaila H.
|9 14328
|
| 245 |
|
|
|a Proceedings of the joint RED-HPD meeting on research results and research issues /
|c Suhaila H Khan.
|
| 260 |
|
|
|a Dhaka :
|b Research and Evaluation Division, BRAC,
|c 1998.
|
| 300 |
|
|
|a 24 pages :
|b illustrations ;
|c 28 cm.
|
| 541 |
|
|
|a Complimentary copy from BRAC
|e 30561
|
| 610 |
|
|
|a BRAC
|9 14374
|
| 650 |
|
|
|a Rural development
|z Bangladesh.
|9 14375
|
| 700 |
|
|
|a Kaosar, Afsana.
|9 16449
|
| 700 |
|
|
|a Gazi, Rukhsana.
|9 16450
|
| 710 |
|
|
|a BRAC
|9 14374
|
| 852 |
|
|
|a Ayesha Abed Library
|c BRAC Resource Section
|
| 942 |
|
|
|2 ddc
|c BK
|
| 999 |
|
|
|c 36278
|d 36278
|
| 952 |
|
|
|0 0
|1 0
|2 ddc
|4 0
|6 307_141209549200000_KHA
|7 1
|9 57026
|a BRACUL
|b BRACUL
|c BRS
|d 2015-11-22
|e Complimentary copy from BRAC
|l 0
|o 307.1412095492 KHA
|p 3010030561
|r 2015-11-22
|t 1
|w 2015-11-22
|y BK
|x Complimentary copy from BRAC; Price not available in register.
|